Histopathologic techniques / (Record no. 118031)
[ view plain ]
| 000 -LEADER | |
|---|---|
| fixed length control field | 00604nam a2200193Ia 4500 |
| 003 - CONTROL NUMBER IDENTIFIER | |
| control field | SISC |
| 005 - DATE AND TIME OF LATEST TRANSACTION | |
| control field | 20160728144228.0 |
| 008 - FIXED-LENGTH DATA ELEMENTS--GENERAL INFORMATION | |
| fixed length control field | 140609s9999 xx 000 0 und d |
| 020 ## - INTERNATIONAL STANDARD BOOK NUMBER | |
| International Standard Book Number | 9789711202705 |
| 050 ## - LIBRARY OF CONGRESS CALL NUMBER | |
| Classification number | RC 270.3.H56 |
| Item number | .G861 2006 |
| 100 ## - MAIN ENTRY--PERSONAL NAME | |
| Personal name | Gregorios, Jocelyn H. Bruce- |
| 245 ## - TITLE STATEMENT | |
| Title | Histopathologic techniques / |
| Statement of responsibility, etc | Jocelyn H. Bruce-Gregorios. |
| 250 ## - EDITION STATEMENT | |
| Edition statement | 2nd edition. |
| 260 ## - PUBLICATION, DISTRIBUTION, ETC. (IMPRINT) | |
| Place of publication, distribution, etc | Quezon City, Philippines : |
| Name of publisher, distributor, etc | Goodwill Trading, |
| Date of publication, distribution, etc | 2006. |
| 300 ## - PHYSICAL DESCRIPTION | |
| Extent | 356 pages : |
| Other physical details | illustrations ; |
| Dimensions | 25 cm. |
| 500 ## - GENERAL NOTE | |
| General note | Includes bibliographical references. |
| 942 ## - ADDED ENTRY ELEMENTS (KOHA) | |
| Call number prefix | Local |
| Koha item type | Books |
| Source of classification or shelving scheme | Library of Congress Classification |
| Withdrawn status | Lost status | Damaged status | Home library | Current library | Shelving location | Date acquired | Cost, normal purchase price | Total Checkouts | Total Renewals | Full call number | Barcode | Date last seen | Date checked out | Price effective from | Koha item type | Source of classification or shelving scheme | Source of acquisition |
|---|---|---|---|---|---|---|---|---|---|---|---|---|---|---|---|---|---|
| Archives | Archives | 07/28/2016 | 1 | 6 | RC 270.3.H56 .G861 2006 | C20649 | 05/08/2018 | 09/09/2016 | 07/28/2016 | Books | Library of Congress Classification | Donation | |||||
| College Library | College Library | Filipiniana Section | 06/09/2014 | 429.95 | 5 | 37 | RC 270.3.H56 .G861 2006 | C18319 | 05/15/2018 | 09/19/2017 | 06/09/2014 | Books |